Dictionary of petroleum technology / (Record no. 3751)

000 -LEADER
fixed length control field 00446nam a22001697a 4500
008 - FIXED-LENGTH DATA ELEMENTS--GENERAL INFORMATION
fixed length control field 200629b ||||| |||| 00| 0 eng d
082 00 - DEWEY DECIMAL CLASSIFICATION NUMBER
Classification number 338.272803
Item number M931
100 ## - MAIN ENTRY--PERSONAL NAME
9 (RLIN) 3076
Personal name Moureau, M.
245 10 - TITLE STATEMENT
Title Dictionary of petroleum technology /
250 ## - EDITION STATEMENT
Edition statement 2nd ed.
260 ## - PUBLICATION, DISTRIBUTION, ETC. (IMPRINT)
Place of publication, distribution, etc Paris
Name of publisher, distributor, etc Technip
Date of publication, distribution, etc 1979
300 ## - PHYSICAL DESCRIPTION
Extent xv, 946 p.
650 #0 - SUBJECT ADDED ENTRY--TOPICAL TERM
Topical term or geographic name as entry element Lubricants
Topical term or geographic name as entry element Petroleum
700 ## - ADDED ENTRY--PERSONAL NAME
9 (RLIN) 3077
Personal name Brace, G.
942 ## - ADDED ENTRY ELEMENTS (KOHA)
Item type Books
Holdings
Withdrawn status Lost status Source of classification or shelving scheme Damaged status Not for loan Permanent location Current location Date acquired Full call number Barcode Date last seen Koha item type
          IMU Kolkata IMU Kolkata 2020-06-29 338.272803 M931 06735 2020-06-29 Books
Designed and Maintained by IMU-KC Library, Kolkata Campus © Copyright All Rights Reserved

webs counters

Powered by Koha